Catalogue de la Bibliothèque de l'ENSA

Recherche et identification des espèces fongiques transmises par semence associées à la fusariose du blé et recherche de source de résistance à la pourriture du collet (notice nᵒ 35224)

détails MARC
005 - DATE/HEURE DE LA DERNIERE TRANSACTION
control field 20230219151112.0
037 ## - SOURCE D'ACQUISITION
Cote IA 1461 66/A-B
040 ## - SOURCE DU CATALOGAGE
Origine catalogage BC-ENSA
Langue du catalogage fre
041 ## - CODE DE LANGUE
Langue Français
Langue du résumé Français-Anglais-Arabe
080 ## - INDICE DE LA CLASSIFICATION DÉCIMALE UNIVERSELLE
Indice CDU 632.952
084 ## - DOMAINE "AGRIS"
Domaine H01 – Protection des végétaux – Considérations générale
100 ## - VEDETTE PRINCIPALE - AUTEUR PRINCIPAL
Auteur KRIBET, Asmaà/ LAMRANI, Hanane
245 ## - MENTION DU TITRE
Titre Recherche et identification des espèces fongiques transmises par semence associées à la fusariose du blé et recherche de source de résistance à la pourriture du collet
Mention de responsabilité Asmaà Kribet, Hanane Lamrani
260 ## - PUBLICATION, DIFFUSION, ETC. (ADRESSE BIBLIOGRAPHIQUE)
Année d'édition 2020
300 ## - DESCRIPTION MATÉRIELLE
Nombre de pages 65 p.
Illustration 21 ill., 08 tabl., 120 réf.
Format 30 cm
541 ## - NOTE SUR LA SOURCE IMMÉDIATE D'ACQUISITION
Méthode d'acquisition Production Locale
562 ## - NOTE D'IDENTIFICATION DES EXEMPLAIRES ET VERSIONS
Nombre d'exemplaire 02 exemplaires
700 ## - DIRECTEUR DE THÈSE
NOM et Prenom BOUREGHDA, H.
Fonction Directeur de Thèse
942 ## - ADDED ENTRY ELEMENTS (KOHA)
Type document Thèse - Mémoire
500 ## - NOTE GÉNÉRALE
Notes La cote : IA 1461 66/B est versée en Botanique
502 ## - NOTE DE THESE
Notes thèse Mém.-ing. : Agron.
Niveau Ingénieur
Université ENSA : département de Botanique
Lieu de soutenance El Harrach
650 ## - DESCRIPTEURS
Agrovoc FUSARIUM/FONGICIDE/ALTERNARIA/EPI/COLLET/POURRITURE/BLE DUR/BLE TENDRE
Exemplaires
statut de retrait Statut Emplacement permanent Localisation actuelle Emplacement rayonnages Cote Code à barre Koha item type
    Bibliothèque Centrale Bibliothèque Centrale Magasin sous sol IA 1461 66/A IA 1461 66/A Thèse - Mémoire
    Département de Botanique Département de Botanique Bibliothèque de Botanique IA 1461 66/B IA 1461 66/B Thèse - Mémoire

Adresse: Ecole Nationale Supérieure Agronomique Hassen Badi - El Harrach Alger, Algérie

Tél +213 (0) 23 82 85 07+213 (0) 23 82 85 12 Fax +213 23 82 85 03/04 Courriel: bibliotheque@edu.ensa.dz